03254 a2200181 45000010006000000050017000060080041000230030015000640400040000790800162001192450052002810200018003332500024003512640027003753000019004025052625004211000026030464877220260407155753.0260407a1977 arg spa dAR-UNSa-BCEJYS aAR-UNSa-BCEJYSbspacAR-UNSa-BCEJYS a51-7xEstudios y métodos matemáticos en otros campos del conocimiento. Matemáticas científicas. Matemáticas actuariales (Matemáticas Financieras)10aTablas financieras estadísticas y actuariales a84-237-0122-0 a6ed. corr. y aumen. 1aMadrid :bDossatc1977 a385 p.c24 cm. a1. Conversión de días en fracción decimal de año - 2. Días transcurridos desde el principio del año hasta una fecha determinada, inclusive - 3. Interés simple producido por una unidad en n días, al tanto anual unitario i, año civil (365 días) - 4. Montante de una unidad en régimen de capitalización compuesta al tanto unitario i, al final de n periodos - 5. Montante de una unidad en régimen de capitalización compuesta al tanto unitario i, al final de n/12 de período - 6. Tiempo necesario para duplicar, triplicar, cuadruplicar y quintuplicar un capital en régimen de capitalización compuesta al tanto unitario i - 7. Valor actual en régimen de capitalización compuesta al tanto unitario i, de una unidad disponible al final de n períodos - 8. Tanto nominal unitario J(m) correspondiente al tanto efectivo unitario i - 9. Tanto efectivo unitario i, correspondiente al tanto nominal unitario J(m) - 10. Cuantía de la renta anual pospagable, equivalente a la unitaria pospagable de frecuencia m, siendo i el tanto efectivo - 11. Cuantía de la renta anual pospagable de frecuencia m, equivalente a la unitaria anual pospagable siendo i el tanto efectivo - 12. Logaritmo decimal y logaritmo neperiano de (1+i), siendo i el tanto unitario - 13. Valor final en régimen de capitalización compuesta al tanto unitario i, de una renta unitaria inmediata pospagable temporal de n períodos, cuando el periodo de capitalización coincide con el de la renta - 14. Valor actual en régimen de capitalización compuesta al tanto unitario i, de una renta inmediata pospagable temporal de n períodos, cuando el período de capitalización coincide con el de la renta - 15. Valor del término constante de la renta inmediata pospagable, necesaria para amortizar un capital unidad en n períodos al tanto unitario i - 16.Distribución de probabilidad binomial - 17. Distribución de probabilidad - 18. Función de densidad de la distribución normal N(0,1).- Derivadas sucesivas - 19. Función integral de la distribución normal N(0,1) - 20. Función integral de la distribución normal N(0,1) - 21. Función integral de la distribución X2 (ji cuadrado) con n grados de libertad - 22. Función integral de la distribución t de student, con n grados de libertad - 23. M.E. - 1960- varones - 24. M.E. - 1960 - mujeres - 25. M.E. - 1960 - varones - 26. M.E. - 1960 - mujeres - 27. M.E. - 1960 - varones - M.E. - 1960 - mujeres - 28. P.M. - 29. P.F. - 30. P.M. - 31. P.F. - 32. S.I.m - 33. S.I.f - 34. S.I.m - 35. S.I.f - 36. A.F. - 37. A.F. - 38. R.F. - 39. R.F. - 1 aGil Peláez, Lorenzo